00511nam a2200157Ia 4500008004100000041000800041082001400049100001500063245008200078250001400160260003600174650002400210942000700234952009700241999001500338230711s9999||||xx |||||||||||||| ||und|| aENG a677bSH-T aShenai,V.A 0aTechnology of textile processing: Chemistry of dyes and principles of dyeing a1st . Ed. c1995aMumbaibSevak Publication aTextile Engineering cBK 001040708CaMCLbMCLd0000-00-00l0o677 SH-Tp12343r2023-08-17 14:03:08w2023-08-17yBK c3499d3499